| 000 | 00000nam##2200000za#4500 |
| 001 | 9.571628 |
| 003 | CaOODSP |
| 005 | 20211126112844 |
| 007 | cr ||||||||||| |
| 008 | 150406|1994||||xxc|||||o f|0| 0 eng|d |
| 022 | |a1701-9397 |
| 040 | |aCaOODSP|beng |
| 043 | |an-cn--- |
| 086 | 1 |aFB3-2/94-8E-PDF |
| 110 | 2 |aBank of Canada. |
| 245 | 13|aAn empirical investigation into government spending and private sector behaviour / |h[electronic resource]|cby Robert A. Amano and Tony S. Wirjanto. |
| 260 | |aOttawa - Ontario : |bBank of Canada |cOctober 1994. |
| 300 | |a32p.|breferences, tables |
| 490 | 1 |aBank of Canada working paper|x1701-9397|v94-8 |
| 500 | |a"We examine whether there is a significant relationship between government and private consumption in Canada."--Abstract. |
| 500 | |aThe ISBN (0-662-22633-X) and ISSN (1192-5434) for the print edition have been incorrectly copied in this electronic publication. |
| 520 | 3 |aWe examine whether there is a significant relationship between government and private consumption in Canada.--Abstract |
| 546 | |aRésumé en français. |
| 590 | |a11-19-Supp|b2011-09-23 |
| 690 | 07|aPublic expenditures|2gcpds |
| 720 | 1 |aAmano, Robert A. |
| 720 | 1 |aWirjanto, Tony S. |
| 776 | 0#|tAn empirical investigation into government spending and private sector behaviour / |w(CaOODSP)9.611594 |
| 830 | #0|aWorking paper (Bank of Canada)|x1701-9397|v94-8|w(CaOODSP)9.504604 |
| 856 | 40|ahttp://publications.gc.ca|qPDF|s66 KB|uhttps://publications.gc.ca/collections/Collection/FB3-2-94-8E.pdf|y94-8 |